000
00205 a2200097 4500
001
15193
100
_a
Cassie W.F
245
_a
Structural analysis
260
_a
London
_b
Longman
_c
090
_c
11933
_d
11933
942
_a
NUST-CAE
_c
M
_c
2151
999
_c
250266
_d
250266